Probability /
Guardado en:
| Autor Principal: | |
|---|---|
| Formato: | Libro |
| Idioma: | English |
| Publicado: |
Edinburgh ; London :
Oliver & Boyd,
1967.
|
| Series: | University mathematical texts ;
36 |
| Materias: | |
| Etiquetas: |
Agregar Etiqueta
Sin Etiquetas, Sea el primero en etiquetar este registro!
|
| LEADER | 00561cam a2200181 a 4500 | ||
|---|---|---|---|
| 001 | MAT.inmabb004621 | ||
| 008 | 680301s1967####stk###########001#0#eng## | ||
| 005 | 20130326174301.0 | ||
| 245 | 1 | 0 | |a Probability / |c James R. Gray. |
| 260 | |a Edinburgh ; |a London : |b Oliver & Boyd, |c 1967. | ||
| 300 | |a viii, 267 p. ; |c 19 cm. | ||
| 440 | 0 | |a University mathematical texts ; |v 36 | |
| 100 | 1 | |a Gray, James R. |q (James Robertson) | |
| 650 | 0 | |a Probabilities. | |
| 084 | |a 60-01 |2 msc2000 | ||
| 010 | |a 68070507 | ||
| 040 | |a DLC |c DLC |d ICU |d DLC | ||
| 859 | |h 60 |i G778 |p A-4207 |b BIB. MATEMATICA | ||
